000 00545nam a22001937a 4500
999 _c180186
_d180186
005 20210728121357.0
010 _aB-740669
020 _a9789352812721
_c120.00
035 _aB-740669
037 _bGift
082 _a881
100 _aSatya Prakash
245 _aThe morale boosting poems /
_cby Satya Prakash
250 _a1st ed.
260 _bSatya Prakash
_c2017
300 _aviii, 52p.:
_c21cm(pbk)
_bill.
942 _2ddc
_cCH
_mSAT
_h881